000 01253cam a22003134a 4500
001 16700865
005 20110930113038.0
008 110321s2011 mauab b 001 0 eng
020 _a012385878X (alk. paper)
020 _a9780123858788 (alk. paper)
040 _aDLC
_cDLC
_dYDX
_dYDXCP
_dBWX
_dDLC
082 0 0 _a625.122
_222
_bSIN
100 1 _aSingh, Bhawani.
_929052
245 1 0 _aEngineering Rock Mass Classification :
_bTunneling, Foundations, and Landslides /
_cBhawani Singh, R.K. Goel.
260 _aWaltham, MA :
_bButterworth-Heinemann,
_cc2011.
300 _axv, 365 p. :
_bill., maps ;
_c24 cm.
504 _aIncludes bibliographical references and index.
650 0 _aEngineering geology.
_929053
650 0 _aTunneling.
_929054
650 0 _aFoundations.
_929055
650 0 _aLandslides
_xPrevention.
_929056
650 0 _aRocks
_vClassification.
_929057
650 0 _aRock mechanics.
_929058
653 _bCiv
_cFebruary2012
700 1 _aGoel, R. K.,
_d1960-
_929059
942 _2ddc
_cBB
999 _c16501
_d16501